[Event "World Youth Boys U16 2014"]
[Site "Durban RSA"]
[Date "2014.09.21"]
[Round "2.25"]
[White "Isaev, Chingys"]
[Black "Yang, ching Wei, Austin"]
[Result "1/2-1/2"]
[WhiteElo "1957"]
[BlackElo "1941"]
[WhiteFideId "13801660"]
[BlackFideId "16300440"]
[EventDate "2014.09.20"]

1. d4 Nf6 2. Bg5 d5 3. e3 c5 4. c3 e6 5. Nd2 Nc6 6. f4 Qb6 7. Qc2 Bd7 8. Ngf3
Ng4 9. f5 h6 10. Bf4 exf5 11. h3 Nf6 12. Bd3 g6 13. Ne5 Nxe5 14. Bxe5 Bg7 15.
Nf3 c4 16. Be2 O-O 17. O-O Rfe8 18. b3 cxb3 19. axb3 Ne4 20. Rfc1 Bxe5 21. Nxe5
Rxe5 22. dxe5 Qxe3+ 23. Kh2 Qg3+ 24. Kg1 Rc8 25. Qd3 Qxe5 26. c4 Nc5 27. Qf3 d4
28. b4 Bc6 29. Qa3 Qxe2 30. Ra2 Qe4 31. bxc5 d3 32. Rd1 Qe3+ 33. Kh2 Be4 34.
Qxa7 f4 35. c6 bxc6 36. Qd7 Bf5 37. Qd6 c5 38. Rad2 Qg3+ 39. Kg1 Re8 40. Rf2 g5
41. Qxc5 Bxh3 42. Qc6 Re2 43. Rxe2 dxe2 44. Qe8+ Kg7 45. Qe5+ Kh7 46. Qxe2 Bg4
47. Qd3+ Qxd3 48. Rxd3 Kg7 49. c5 Kf8 50. Kf2 Ke7 51. Ke1 Bd7 52. Kf2 h5 53. Rd5
f6 54. Rd6 Be6 55. Kf3 f5 56. Ke2 g4 57. Rd4 h4 58. c6 f3+ 59. gxf3 h3 60. Kf2
Bc8 61. Kg3 Be6 62. Rd2 Bc8 63. c7 f4+ 64. Kxf4 gxf3 65. Kxf3 Bd7 66. Kg3 Ke8
67. Kf4 Ke7 68. Ke5 Bc8 69. Kf4 Bd7 70. Ke4 Ke6 71. Kf3 Ke7 72. Kf2 Ke6 73. Ke1
Ke7 74. Kd1 Bc8 75. Kc1 Bb7 76. Kb2 Bc8 77. Ka3 Kf6 78. Kb4 Kg5 79. Rd8 Be6 80.
Re8 Bd7 81. Rg8+ Kf4 82. Kc5 h2 83. Rh8 Kg3 84. Kd6 Bh3 85. Rxh3+ Kxh3 86. c8=Q+
Kg2 87. Qg4+ Kh1 88. Qh3 Kg1 89. Qg3+ Kh1 90. Qe1+ Kg2 91. Qe2+ Kg1 1/2-1/2

[Event "World Youth Boys U16 2014"]
[Site "Durban RSA"]
[Date "2014.09.21"]
[Round "2.26"]
[White "Deyzel, Walt"]
[Black "Vorontsov, Pavlo"]
[Result "0-1"]
[BlackTitle "FM"]
[WhiteElo "1692"]
[BlackElo "2397"]
[WhiteFideId "14312271"]
[BlackFideId "14116367"]
[EventDate "2014.09.20"]

1. e4 c5 2. Nf3 d6 3. d4 cxd4 4. Nxd4 Nf6 5. Nc3 a6 6. Be3 e5 7. Nb3 Be6 8. f3
h5 9. Qd2 Nbd7 10. Be2 Rc8 11. a4 Be7 12. a5 Qc7 13. O-O O-O 14. Rfd1 Rfd8 15.
Bf1 Qc6 16. Nc1 Qc7 17. Nd5 Nxd5 18. exd5 Bf5 19. Bd3 Bxd3 20. Nxd3 Nc5 21. Nxc5
dxc5 22. c4 Bd6 23. Rf1 Re8 24. Qf2 f5 25. Qc2 g6 26. f4 Re7 27. fxe5 Bxe5 28.
Bg5 Bd4+ 29. Kh1 Re4 30. Qd2 Rce8 31. Rae1 Rxe1 32. Rxe1 Rxe1+ 33. Qxe1 Bxb2 34.
Qe3 Qd7 35. Qe6+ Qxe6 36. dxe6 Kf8 37. Kg1 Bc3 38. Bd8 Ke8 0-1

[Event "World Youth Boys U16 2014"]
[Site "Durban RSA"]
[Date "2014.09.21"]
[Round "2.27"]
[White "Song, Edward"]
[Black "Lynch, Justin"]
[Result "1-0"]
[WhiteElo "2323"]
[BlackElo "1689"]
[WhiteFideId "2051192"]
[BlackFideId "14310120"]
[EventDate "2014.09.20"]

1. d4 Nf6 2. c4 e6 3. Nc3 Bb4 4. e3 O-O 5. Ne2 d5 6. a3 Bd6 7. c5 Be7 8. Nf4 a5
9. Bd2 Nc6 10. Nd3 b6 11. cxb6 cxb6 12. f4 Nd7 13. Qf3 Ba6 14. Be2 b5 15. Na2
Nb6 16. O-O Nc4 17. Bc3 Qb6 18. Rfc1 b4 19. axb4 axb4 20. Be1 b3 21. Nc3 Bf6 22.
Na4 Qb5 23. Ndc5 N6a5 24. Bxa5 Qxa5 25. Nc3 Qb6 26. Nd7 Qb7 27. Nxf8 Rxf8 28.
Na4 Nd2 29. Qg4 Bxe2 30. Qxe2 Nc4 31. Nc5 Qc7 32. Rxc4 dxc4 33. Qxc4 Be7 34.
Qxb3 Bxc5 35. dxc5 Qxc5 36. Qc3 Qh5 37. h3 h6 38. b4 Rd8 39. Kh2 Qg6 40. Ra3 Rd1
41. Rb3 h5 42. Qe5 Rd5 43. Qb2 e5 44. b5 h4 45. Qf2 Qb6 46. Qe2 Rc5 47. Qd3 Qb8
48. Rb4 exf4 49. exf4 g6 50. b6 Rf5 51. Qe4 Rc5 52. b7 g5 53. Ra4 g4 54. hxg4 1-0

[Event "World Youth Boys U16 2014"]
[Site "Durban RSA"]
[Date "2014.09.21"]
[Round "2.28"]
[White "Nassr, Ahmed"]
[Black "Roos, Lucas"]
[Result "1-0"]
[WhiteElo "1965"]
[BlackElo "1684"]
[WhiteFideId "7904860"]
[BlackFideId "14308673"]
[EventDate "2014.09.20"]

1. d4 Nf6 2. Nf3 g6 3. Nc3 d5 4. Bf4 Bg7 5. e3 O-O 6. Be2 c5 7. Ne5 Nc6 8. h4
Qb6 9. Na4 Qa5+ 10. c3 Nxe5 11. Bxe5 cxd4 12. exd4 Ne4 13. b4 Qd8 14. Bxg7 Kxg7
15. h5 Bd7 16. Nc5 Nxc3 17. Qd2 Nxe2 18. hxg6 hxg6 19. Qh6+ Kf6 20. Kxe2 Bb5+
21. Ke3 b6 22. Qf4+ Kg7 23. Qe5+ f6 24. Ne6+ Kg8 25. Qh2 1-0

[Event "World Youth Boys U16 2014"]
[Site "Durban RSA"]
[Date "2014.09.21"]
[Round "2.29"]
[White "Forster, James Connor Christophe"]
[Black "Goncalves, Ruan Lucas Alves"]
[Result "1-0"]
[WhiteElo "1687"]
[BlackElo "1960"]
[WhiteFideId "14309343"]
[BlackFideId "2148030"]
[EventDate "2014.09.20"]

1. Nf3 Nf6 2. c4 g6 3. e3 Bg7 4. Be2 d6 5. d4 O-O 6. O-O Nbd7 7. b3 e5 8. Bb2 e4
9. Nfd2 Re8 10. Nc3 Nf8 11. Qc2 Bf5 12. Rac1 h5 13. Rfd1 N8h7 14. Nf1 h4 15. b4
Ng5 16. Rd2 Qd7 17. Bd1 h3 18. g3 Bg4 19. d5 Qf5 20. Nb5 Nf3+ 21. Kh1 Nxd2 22.
Nd4 Qxf2 23. Qxd2 Qxf1# 1-0

[Event "World Youth Boys U16 2014"]
[Site "Durban RSA"]
[Date "2014.09.21"]
[Round "2.30"]
[White "Ahmed, Fareed"]
[Black "Abdulla, Al-Hamed"]
[Result "1-0"]
[WhiteElo "1929"]
[BlackElo "1674"]
[WhiteFideId "9303677"]
[BlackFideId "9302328"]
[EventDate "2014.09.20"]

1. e4 e5 2. Nf3 Nc6 3. Bb5 a6 4. Bxc6 dxc6 5. O-O Ne7 6. Nxe5 Qd4 7. Qh5 g6 8.
Qg5 Bg7 9. Nf3 Qxe4 10. Re1 Qb4 11. b3 h6 12. Qe3 Qd6 13. Ba3 Qe6 14. Qc5 Qd6
15. Rxe7+ 1-0

[Event "World Youth Boys U16 2014"]
[Site "Durban RSA"]
[Date "2014.09.21"]
[Round "2.31"]
[White "Modi, Sachin"]
[Black "Adriaanse, Adam"]
[Result "1-0"]
[WhiteTitle "CM"]
[WhiteElo "1676"]
[BlackElo "1922"]
[WhiteFideId "14304589"]
[BlackFideId "2617838"]
[EventDate "2014.09.20"]

1. e4 c5 2. Nf3 g6 3. g3 Bg7 4. Bg2 Nc6 5. O-O Nf6 6. d3 O-O 7. Re1 d5 8. Nbd2
Qc7 9. Qe2 h6 10. Nf1 Bg4 11. c3 Ne5 12. Bf4 Bxf3 13. Bxe5 Qxe5 14. Bxf3 d4 15.
Rac1 Rfd8 16. Bg2 dxc3 17. bxc3 Qc7 18. Red1 Rac8 19. Ne3 e6 20. f4 b5 21. d4
cxd4 22. cxd4 Qxc1 23. Rxc1 Rxc1+ 24. Kf2 a6 25. e5 Nd5 26. Bxd5 exd5 27. Qb2
Rc7 28. Qb3 Kh7 29. Kf3 Bf8 30. Nxd5 Rc4 31. Ne3 Rdxd4 32. Nxc4 Rxc4 33. Qd3 Kg8
34. e6 Rc7 35. exf7+ Kg7 36. Qd4+ Kxf7 37. Qd5+ Ke7 38. Qe5+ Kd7 39. Qf6 Be7 40.
Qxa6 b4 41. Qd3+ Kc8 42. Qxg6 Rc3+ 43. Ke4 Rc2 44. h4 Kd7 45. Qf5+ Ke8 46. Qd5
Rg2 47. Kf3 Rc2 48. f5 Rc5 49. Qe6 Rc1 50. Kg4 Rf1 51. Qg8+ Kd7 52. Qd5+ 1-0

[Event "World Youth Boys U16 2014"]
[Site "Durban RSA"]
[Date "2014.09.21"]
[Round "2.33"]
[White "Ndlovu, Bhekile"]
[Black "Mayed, Al-Rashedi"]
[Result "1/2-1/2"]
[BlackTitle "FM"]
[WhiteElo "1567"]
[BlackElo "1859"]
[WhiteFideId "11001518"]
[BlackFideId "9303871"]
[EventDate "2014.09.20"]

1. e4 e5 2. Nf3 Nc6 3. Bc4 Nf6 4. O-O Be7 5. Re1 O-O 6. d4 d6 7. d5 Nb8 8. h3
Ne8 9. Nc3 a6 10. a4 a5 11. Ne2 f5 12. exf5 Bxf5 13. Ng3 Bg6 14. Ne4 Nd7 15.
Neg5 Nc5 16. h4 h6 17. Nxe5 dxe5 18. d6+ Kh8 19. dxe7 Qxe7 20. h5 Bf5 21. Qd5
hxg5 22. Rxe5 Qf6 23. Qxc5 Nd6 24. Bd3 b6 25. Qe3 Rae8 26. Rxe8 Rxe8 27. Qg3
Re1+ 28. Kh2 Bxd3 29. Bxg5 Qe5 30. Rxe1 Qxe1 31. cxd3 Qd1 32. Qf3 Qxa4 33. Qf8+
Kh7 1/2-1/2

[Event "World Youth Boys U16 2014"]
[Site "Durban RSA"]
[Date "2014.09.21"]
[Round "3.1"]
[White "Aravindh, Chithambaram VR."]
[Black "Rakotomaharo, Fy Antenaina"]
[Result "1-0"]
[WhiteTitle "IM"]
[BlackTitle "CM"]
[WhiteElo "2496"]
[BlackElo "2286"]
[WhiteFideId "5072786"]
[BlackFideId "13100050"]
[EventDate "2014.09.20"]

1. b3 d5 2. Bb2 Bg4 3. f3 Bf5 4. e3 e6 5. d4 Bd6 6. Ne2 Nd7 7. Nbc3 c6 8. Qd2
Ngf6 9. g4 Bg6 10. O-O-O Qe7 11. h4 h6 12. Nf4 O-O-O 13. Nxg6 fxg6 14. Bd3 g5
15. hxg5 hxg5 16. Kb1 e5 17. Bf5 exd4 18. exd4 Bf4 19. Qd3 Rxh1 20. Rxh1 Kc7 21.
Ne2 Bd6 22. Qd2 Re8 23. Bd3 Ng8 24. Bc1 Qf7 25. Rf1 Be7 26. Ng3 Nh6 27. f4 Bd6
28. fxg5 Qe6 29. gxh6 Bxg3 30. hxg7 1-0

[Event "World Youth Boys U16 2014"]
[Site "Durban RSA"]
[Date "2014.09.21"]
[Round "3.2"]
[White "Kaczur, Florian"]
[Black "Pichot, Alan"]
[Result "0-1"]
[BlackTitle "IM"]
[WhiteElo "2278"]
[BlackElo "2452"]
[WhiteFideId "705098"]
[BlackFideId "110973"]
[EventDate "2014.09.20"]

1. e4 c5 2. Nf3 e6 3. Nc3 a6 4. d4 cxd4 5. Nxd4 Qc7 6. g3 Nf6 7. Bg2 Be7 8. O-O
O-O 9. Qe2 d6 10. a4 Nc6 11. Be3 Bd7 12. Rad1 Nxd4 13. Bxd4 Bc6 14. g4 Rfd8 15.
g5 Nd7 16. Be3 Nc5 17. b3 b5 18. axb5 axb5 19. Nxb5 Qb7 20. Nd4 Bxe4 21. f3 Bg6
22. f4 Be4 23. b4 Na4 24. Bxe4 Qxe4 25. Qf3 Qxf3 26. Rxf3 Nb2 27. Rb1 Nc4 28.
Nc6 Rd7 29. Rd1 Bf8 30. Bf2 Rc8 31. b5 Rb7 32. Rb3 d5 33. Ra1 Nd6 34. Nd4 h6 35.
gxh6 gxh6 36. Ra6 Ne4 37. Be3 Kh7 38. Rc6 Rcb8 39. Kg2 Bc5 40. f5 Rg8+ 41. Kh3
Bxd4 42. Bxd4 h5 43. Kh4 Rg2 44. Rc8 f6 45. b6 e5 46. Rc7+ Rxc7 47. bxc7 Rxc2
48. Rc3 Rxh2+ 49. Rh3 Rxh3+ 50. Kxh3 Nd6 51. Bc5 Nc8 52. Kh4 Kg7 53. Kxh5 Kf7
54. Ba3 d4 55. Bb4 d3 56. Kg4 Ke8 57. Kf3 Kd7 58. Ke3 Kxc7 59. Kxd3 Nd6 60. Bc3
Kd7 61. Ke3 Nxf5+ 62. Ke2 Ke6 63. Kf3 Nd6 64. Bb2 f5 65. Bc1 Nb5 66. Bg5 Nd4+
67. Ke3 Kd5 68. Bh6 Ne6 69. Kd3 f4 70. Ke2 e4 71. Kf2 Kd4 72. Ke2 e3 73. Ke1 f3
74. Kf1 Kd3 75. Ke1 Nd4 76. Kf1 Nc2 77. Bxe3 Kxe3 78. Kg1 Ke2 0-1

[Event "World Youth Boys U16 2014"]
[Site "Durban RSA"]
[Date "2014.09.21"]
[Round "3.3"]
[White "Bellahcene, Bilel"]
[Black "Sosa, Tomas ARG"]
[Result "1-0"]
[WhiteTitle "FM"]
[WhiteElo "2428"]
[BlackElo "2275"]
[WhiteFideId "696358"]
[BlackFideId "121576"]
[EventDate "2014.09.20"]

1. d4 Nf6 2. c4 g6 3. Nc3 Bg7 4. e4 d6 5. Nf3 O-O 6. Be2 e5 7. O-O Nc6 8. d5 Ne7
9. Qc2 Nd7 10. Rd1 f5 11. Ng5 Nc5 12. Be3 Nxe4 13. Ncxe4 fxe4 14. Qxe4 Nf5 15.
Ne6 Bxe6 16. dxe6 c6 17. b4 Qf6 18. Bf3 Qxe6 19. b5 Ne7 20. Bg4 Qf6 21. Rac1 Kh8
22. Qf3 Rfd8 23. Bd2 Qxf3 24. Bxf3 Rac8 25. Be3 a6 26. Bg5 Rd7 27. bxa6 bxa6 28.
Rb1 Nf5 29. Rb6 h6 30. Be3 e4 31. Bxe4 Nxe3 32. fxe3 Re7 33. Bxc6 Rxe3 34. Rxa6
Be5 35. Rf1 Bd4 36. Kh1 Kg7 37. g3 Rb8 38. Bd5 Bc5 39. Rf7+ Kh8 40. Kg2 Ra3 41.
Rc6 Rxa2+ 42. Kh3 Ra7 43. Rxa7 Bxa7 44. Rxd6 Bg1 45. Rxg6 Rb2 46. Rxh6+ Kg7 47.
Rc6 Rxh2+ 48. Kg4 Rc2 49. Kf5 Rf2+ 50. Kg5 Ra2 51. Rc7+ Kf8 52. g4 Bd4 53. Kg6
Ra6+ 54. Kh7 Be3 55. Rf7+ Ke8 56. Rf5 Rd6 57. g5 Bd4 58. g6 Rd7+ 59. Rf7 Rd6 60.
g7 Bxg7 61. Rxg7 Kd8 62. Rg6 Rd7+ 63. Kh6 Re7 64. Rg8+ 1-0

[Event "World Youth Boys U16 2014"]
[Site "Durban RSA"]
[Date "2014.09.21"]
[Round "3.4"]
[White "Wu, Christopher"]
[Black "Ali Marandi, Cemil Can"]
[Result "0-1"]
[BlackTitle "IM"]
[WhiteElo "2274"]
[BlackElo "2408"]
[WhiteFideId "2040875"]
[BlackFideId "6300529"]
[EventDate "2014.09.20"]

1. e4 e5 2. Nf3 Nc6 3. Bb5 a6 4. Ba4 Nf6 5. O-O Be7 6. Re1 b5 7. Bb3 O-O 8. h3
Bb7 9. d3 d5 10. exd5 Nxd5 11. Nbd2 Nf4 12. Ne4 Na5 13. Nxe5 Nxb3 14. axb3 Nxg2
15. Nxf7 Rxf7 16. Kxg2 Qd5 17. Rf1 Raf8 18. Be3 Bd6 19. f4 Bxf4 20. Bxf4 Rxf4
21. Qe2 Qg5+ 22. Kh1 Qh4 23. Rxf4 Qxh3+ 24. Qh2 Qxh2+ 25. Kxh2 Rxf4 26. Nc5 Bc8
27. Nxa6 Bxa6 28. Rxa6 Rf2+ 29. Kg3 Rxc2 30. Ra5 c6 31. Ra8+ Kf7 32. Rc8 Rxb2
33. Rc7+ Kf8 34. Rc8+ Ke7 35. Rxc6 Kd7 36. Rb6 Rxb3 37. Rb7+ Kc6 38. Rxg7 Rxd3+
39. Kf2 Rd7 40. Rg5 Kb6 0-1

[Event "World Youth Boys U16 2014"]
[Site "Durban RSA"]
[Date "2014.09.21"]
[Round "3.5"]
[White "Petrosyan, Manuel"]
[Black "Nastase, Robert-Paul"]
[Result "1/2-1/2"]
[WhiteTitle "FM"]
[WhiteElo "2397"]
[BlackElo "2255"]
[WhiteFideId "13300857"]
[BlackFideId "1221175"]
[EventDate "2014.09.20"]

1. Nf3 f5 2. g3 Nf6 3. Bg2 g6 4. O-O Bg7 5. c4 O-O 6. Nc3 d6 7. d3 e5 8. Rb1 Nc6
9. b4 h6 10. b5 Ne7 11. c5 g5 12. Qb3+ Kh8 13. cxd6 cxd6 14. a4 Ng6 15. Ba3 Re8
16. Qf7 Nf8 17. Nd2 Re7 18. Qb3 Be6 19. Qb4 Rd7 20. Nc4 Ng6 21. Qa5 b6 22. Qb4
d5 23. Nd2 Rc8 24. Rfc1 Rdc7 25. Nd1 Bf8 26. Qb2 Rxc1 27. Rxc1 Rxc1 28. Qxc1
Bxa3 29. Qxa3 Qc7 30. Kf1 1/2-1/2

[Event "World Youth Boys U16 2014"]
[Site "Durban RSA"]
[Date "2014.09.21"]
[Round "3.6"]
[White "Tica, Sven"]
[Black "Saiyn, Zhanat"]
[Result "1/2-1/2"]
[BlackTitle "FM"]
[WhiteElo "2246"]
[BlackElo "2397"]
[WhiteFideId "14526948"]
[BlackFideId "13703820"]
[EventDate "2014.09.20"]

1. Nf3 c5 2. c4 Nf6 3. Nc3 d5 4. cxd5 Nxd5 5. g3 Nc6 6. Bg2 Nc7 7. O-O g6 8. d3
Bg7 9. Be3 Ne6 10. Rc1 O-O 11. Nd2 Bd7 12. f4 Ned4 13. Nb3 b6 14. Bxd4 cxd4 15.
Nb5 Rc8 16. Rc4 a6 17. Bxc6 axb5 18. Bxd7 bxc4 19. Bxc8 cxb3 20. Ba6 Qa8 21. Bc4
bxa2 22. Qa1 Qa5 23. Qxa2 Qh5 24. b4 Qf5 25. Qa6 Qf6 26. Qb7 Qd6 27. b5 Rb8 28.
Qd5 Qxd5 29. Bxd5 e6 30. Bc6 h5 31. Kg2 1/2-1/2

[Event "World Youth Boys U16 2014"]
[Site "Durban RSA"]
[Date "2014.09.21"]
[Round "3.7"]
[White "Lenaerts, Lennert"]
[Black "Kollars, Dmitrij"]
[Result "1/2-1/2"]
[WhiteElo "2329"]
[BlackElo "2243"]
[WhiteFideId "211435"]
[BlackFideId "12909572"]
[EventDate "2014.09.20"]

1. d4 Nf6 2. c4 g6 3. Nc3 Bg7 4. e4 O-O 5. Be3 d6 6. f3 Nbd7 7. Nge2 c5 8. Qd2
a6 9. Rd1 Qa5 10. Nc1 cxd4 11. Bxd4 Nc5 12. Be2 Be6 13. O-O Rfc8 14. Bxf6 Bxf6
15. Nd5 Qxd2 16. Nxf6+ Kg7 17. Nh5+ Kh6 18. Rxd2 Kxh5 19. Rd4 Kh6 20. f4 f6 21.
b3 a5 22. Bf3 Rc7 23. a4 Bd7 24. g3 Bc6 25. Kf2 Rd7 26. Rfd1 Rad8 27. Ke3 e5 28.
fxe5 dxe5 29. Rxd7 Rxd7 30. Rxd7 Bxd7 31. Bd1 Bc6 32. Bc2 Kg5 33. Ne2 f5 34.
exf5 gxf5 35. Bd1 b6 36. Bc2 h6 37. Bd1 Bb7 38. Bc2 1/2-1/2

[Event "World Youth Boys U16 2014"]
[Site "Durban RSA"]
[Date "2014.09.21"]
[Round "3.8"]
[White "Gazik, Viktor"]
[Black "Li, Di"]
[Result "1-0"]
[WhiteTitle "FM"]
[BlackTitle "FM"]
[WhiteElo "2315"]
[BlackElo "2192"]
[WhiteFideId "14928752"]
[BlackFideId "8607508"]
[EventDate "2014.09.20"]

1. f4 d5 2. Nf3 g6 3. e3 Bg7 4. Be2 c5 5. O-O Nc6 6. Nc3 Nf6 7. d3 d4 8. Ne4
Nxe4 9. dxe4 O-O 10. exd4 cxd4 11. Bd3 Nb4 12. Bd2 Qb6 13. Bxb4 Qxb4 14. b3 e5
15. Qc1 Qd6 16. f5 Bd7 17. Qg5 b5 18. g4 Kh8 19. Qh4 Kg8 20. a4 bxa4 21. g5 Rfc8
22. Nd2 axb3 23. Nxb3 Rc3 24. Ra6 Qc7 25. Rf3 Rxd3 26. cxd3 Qc2 27. Na5 Bb5 28.
fxg6 hxg6 29. Rd6 Bxd3 30. Qe1 Bxe4 31. Rf2 Qb1 32. Qxb1 Bxb1 33. Nc6 Re8 34.
Rd7 Bf5 35. Ne7+ Rxe7 36. Rxe7 e4 37. Re8+ Bf8 38. Rb2 Bd7 39. Rd8 Bc6 40. Rbb8 1-0

[Event "World Youth Boys U16 2014"]
[Site "Durban RSA"]
[Date "2014.09.21"]
[Round "3.9"]
[White "Karthikeyan, Murali"]
[Black "Taylor, Adam C"]
[Result "1-0"]
[WhiteTitle "IM"]
[WhiteElo "2462"]
[BlackElo "2023"]
[WhiteFideId "5074452"]
[BlackFideId "424668"]
[EventDate "2014.09.20"]

1. e4 e5 2. Nf3 Nc6 3. Bb5 Nf6 4. O-O Nxe4 5. Re1 Nd6 6. Nxe5 Be7 7. Bd3 Nxe5 8.
Rxe5 O-O 9. Nc3 Re8 10. Qf3 Bf6 11. Rxe8+ Nxe8 12. Nd5 Bg5 13. Qe4 g6 14. f4 Bh6
15. b3 Bg7 16. Ba3 d6 17. Re1 Nf6 18. Qf3 Nxd5 19. Qxd5 Rb8 20. f5 gxf5 21. Bxf5
Bxf5 22. Qxf5 Qf6 23. Qxf6 Bxf6 24. d3 b5 25. Bc1 Kg7 26. Kf2 a5 27. Re4 d5 28.
Rg4+ Kf8 29. Be3 Re8 30. a4 b4 31. Bc5+ Be7 32. Bd4 f6 33. Rf4 Kf7 34. Rf5 Rd8
35. g4 Rd6 36. Ke3 Re6+ 37. Kd2 Rd6 38. h4 Kg6 39. Bc5 Re6 40. Bxe7 Rxe7 41.
Rxd5 1-0

[Event "World Youth Boys U16 2014"]
[Site "Durban RSA"]
[Date "2014.09.21"]
[Round "3.11"]
[White "Kumaran, B"]
[Black "Van Foreest, Jorden"]
[Result "1-0"]
[BlackTitle "FM"]
[WhiteElo "2239"]
[BlackElo "2457"]
[WhiteFideId "5038472"]
[BlackFideId "1039784"]
[EventDate "2014.09.20"]

1. e4 c5 2. Nf3 e6 3. d4 cxd4 4. Nxd4 Nc6 5. Nc3 Qc7 6. Be2 a6 7. O-O Nf6 8. Be3
Be7 9. f4 d6 10. a4 O-O 11. Bf3 Nxd4 12. Qxd4 Bd7 13. Qb6 Qxb6 14. Bxb6 Bc6 15.
Rad1 Nd7 16. Bc7 Nc5 17. Bxd6 Bxd6 18. Rxd6 Rfd8 19. Rfd1 Rxd6 20. Rxd6 a5 21.
Rd4 f6 22. Kf2 Kf7 23. e5 Bxf3 24. gxf3 f5 25. Nb5 Ke7 26. Nd6 g6 27. b3 Rd8 28.
Ke3 Rb8 29. Nc4 b6 30. Rd6 Nd7 31. Rc6 h6 32. h4 Rb7 33. Rc8 1-0

[Event "World Youth Boys U16 2014"]
[Site "Durban RSA"]
[Date "2014.09.21"]
[Round "3.12"]
[White "Maslov, Ivan"]
[Black "Gajek, Radoslaw"]
[Result "1-0"]
[BlackTitle "FM"]
[WhiteElo "2095"]
[BlackElo "2393"]
[WhiteFideId "24169820"]
[BlackFideId "1125893"]
[EventDate "2014.09.20"]

1. d4 Nf6 2. c4 e6 3. g3 c5 4. Nf3 cxd4 5. Nxd4 d5 6. Bg2 e5 7. Nb3 d4 8. O-O
Nc6 9. f4 e4 10. f5 a5 11. Bg5 a4 12. N3d2 e3 13. Ne4 Ra5 14. Rf4 Rxf5 15. Nxf6+
gxf6 16. Bxc6+ bxc6 17. Rxd4 Qb6 18. Bf4 Be7 19. Nc3 Qxb2 20. Nxa4 Qa3 21. Rd3
Qb4 22. Rb1 Qa5 23. Nb6 O-O 24. Nxc8 Rxc8 25. Rb7 Bc5 26. Rdd7 Rxf4 27. gxf4 Rf8
28. h3 Qxa2 29. Qd3 Qa1+ 30. Rb1 Qa3 31. Qxa3 Bxa3 32. Rbd1 Kg7 33. Rd8 f5 34.
Kg2 Bb4 35. Kf3 Bd2 36. Rg1+ 1-0

[Event "World Youth Boys U16 2014"]
[Site "Durban RSA"]
[Date "2014.09.21"]
[Round "3.13"]
[White "Mousavi, Seyed Khalil"]
[Black "Chen, Junhong"]
[Result "1-0"]
[WhiteTitle "FM"]
[WhiteElo "2348"]
[BlackElo "1846"]
[WhiteFideId "12511099"]
[BlackFideId "8613931"]
[EventDate "2014.09.20"]

1. Nf3 d5 2. d4 Nf6 3. c4 e6 4. e3 Nbd7 5. Bd3 dxc4 6. Bxc4 Bd6 7. Nc3 c6 8. e4
Bb4 9. e5 Nd5 10. Bd2 N7b6 11. Bd3 Nxc3 12. bxc3 Be7 13. Qc2 h6 14. O-O Bd7 15.
Be3 Qc7 16. Nd2 Rd8 17. Ne4 Nd5 18. Qe2 c5 19. Qg4 Kf8 20. a3 c4 21. Bc2 b5 22.
Qe2 Bc6 23. Bd2 Rb8 24. f4 Bd7 25. g4 f5 26. exf6 gxf6 27. Ng3 Bd6 28. Qf3 Kf7
29. f5 1-0

[Event "World Youth Boys U16 2014"]
[Site "Durban RSA"]
[Date "2014.09.21"]
[Round "3.14"]
[White "Xu, Xiangyu"]
[Black "Sibashvili, Giorgi"]
[Result "0-1"]
[WhiteElo "2133"]
[BlackElo "2335"]
[WhiteFideId "8608288"]
[BlackFideId "13602799"]
[EventDate "2014.09.20"]

1. e4 e6 2. d4 d5 3. Nc3 Bb4 4. e5 c5 5. a3 Bxc3+ 6. bxc3 Ne7 7. Qg4 Qc7 8. Qxg7
Rg8 9. Qxh7 cxd4 10. Ne2 dxc3 11. f4 Nbc6 12. Qd3 d4 13. Ng3 Bd7 14. Be2 O-O-O
15. Bf3 Nf5 16. Nxf5 exf5 17. Rb1 Be6 18. O-O Rd7 19. Rd1 Na5 20. Rb4 Rgd8 21.
a4 Kb8 22. Ba3 Bc4 23. Qxf5 d3 24. Rbb1 dxc2 25. Qxc2 Bd3 26. Rxd3 Rxd3 27. Bd6
R3xd6 28. exd6 Rxd6 29. h3 Rd4 30. Kh1 0-1

[Event "World Youth Boys U16 2014"]
[Site "Durban RSA"]
[Date "2014.09.21"]
[Round "3.16"]
[White "Vorontsov, Pavlo"]
[Black "Ahmed, Fareed"]
[Result "1-0"]
[WhiteTitle "FM"]
[WhiteElo "2397"]
[BlackElo "1929"]
[WhiteFideId "14116367"]
[BlackFideId "9303677"]
[EventDate "2014.09.20"]

1. Nf3 Nf6 2. c4 c5 3. Nc3 e6 4. g3 b6 5. Bg2 Bb7 6. O-O Be7 7. d4 cxd4 8. Qxd4
d6 9. Bg5 h6 10. Bxf6 Bxf6 11. Qf4 Be7 12. Rfd1 Nd7 13. Ne4 Bxe4 14. Qxe4 Rc8
15. Rac1 Qc7 16. Nd4 Nf6 17. Qc6+ Qxc6 18. Bxc6+ Kf8 19. Bb7 Rc7 20. Ba6 Nd7 1-0

[Event "World Youth Boys U16 2014"]
[Site "Durban RSA"]
[Date "2014.09.21"]
[Round "3.17"]
[White "Ait Abbas, Yacine"]
[Black "Song, Edward"]
[Result "1-0"]
[WhiteElo "1853"]
[BlackElo "2323"]
[WhiteFideId "7904150"]
[BlackFideId "2051192"]
[EventDate "2014.09.20"]

1. c4 e6 2. g3 d5 3. cxd5 exd5 4. d4 c6 5. Bg2 Nf6 6. Nf3 Bd6 7. Nc3 h6 8. O-O
Bf5 9. Nd2 O-O 10. e4 dxe4 11. Ndxe4 Nxe4 12. Nxe4 Bxe4 13. Bxe4 Nd7 14. d5 Nf6
15. Bg2 c5 16. Re1 Qd7 17. Bd2 Rfe8 18. Qb3 Be5 19. Bc3 Bxc3 20. bxc3 b6 21. a4
Rxe1+ 22. Rxe1 Re8 23. Rxe8+ Nxe8 24. Bf1 Nd6 25. Bd3 Qg4 26. c4 Qd4 27. Qc2 Kf8
28. Kg2 g6 29. Qe2 h5 30. f4 Qf6 31. Qe5 Ne8 32. Qxf6 Nxf6 33. Kf3 Ne8 34. f5 g5
35. g4 h4 36. Ke4 Ke7 37. Ke5 f6+ 38. Ke4 Nd6+ 39. Ke3 Nb7 40. h3 Kd6 41. Ke4
Na5 42. Be2 Nb3 43. Bd3 Nc1 44. Bf1 Na2 45. Kd3 Ke5 46. Kc2 Nb4+ 47. Kb3 a5 48.
Kc3 Kf4 49. Kd2 Kf3 50. Ke1 Na6 51. Be2+ Ke3 52. Bf1 Nb8 53. Bg2 Nd7 54. d6 Nb8
55. Bd5 Kf4 56. Be6 Kg3 57. Ke2 Kxh3 58. Kf3 Kh2 59. d7 Nc6 60. Bd5 Nd8 61. Ke3
h3 62. Kf2 1-0

[Event "World Youth Boys U16 2014"]
[Site "Durban RSA"]
[Date "2014.09.21"]
[Round "3.18"]
[White "Rodriguez, Adrien"]
[Black "Whatley, Stephen A J"]
[Result "1-0"]
[WhiteElo "2284"]
[BlackElo "1881"]
[WhiteFideId "20691866"]
[BlackFideId "420441"]
[EventDate "2014.09.20"]

1. d4 Nf6 2. Nf3 c5 3. c4 cxd4 4. Nxd4 e5 5. Nb5 d5 6. cxd5 Bc5 7. N5c3 O-O 8.
Qd3 Ng4 9. e3 f5 10. Be2 f4 11. Bxg4 Bxg4 12. f3 Qh4+ 13. Kd1 fxe3 14. fxg4
Qxg4+ 15. Ne2 Qxg2 16. Rg1 e4 17. Qc3 Rf1+ 18. Rxf1 Qxf1+ 19. Qe1 Qf3 20. Nc3
Na6 21. a3 Bd4 22. Kc2 Bxc3 23. Nxc3 Rc8 24. Bxe3 Qf5 25. Rd1 Qe5 26. Qd2 Qd6
27. Kb1 Rf8 28. Qc2 Nc7 29. Nxe4 Qe5 30. d6 Ne6 31. d7 Rd8 32. Bd4 1-0